[Event "Manavgat Turkey Cup"]
[Site "Manavgat"]
[Date "2016.02.04"]
[Round "8"]
[White "Akdagli, Gokhan"]
[Black "Daghan, Devran"]
[Result "0-1"]
[WhiteElo "1804"]
[BlackElo "2004"]
[PlyCount "92"]
[EventDate "2016.01.30"]
[EventType "swiss"]
[EventRounds "11"]
[EventCountry "TUR"]
[SourceTitle "CBM 170 Extra"]
[Source "ChessBase"]
[SourceDate "2016.02.25"]
[SourceVersion "1"]
[SourceVersionDate "2016.02.25"]
[SourceQuality "1"]

1. e4 c5 2. c3 d5 3. exd5 Qxd5 4. d4 Nc6 5. Nf3 Bf5 6. Be3 cxd4 7. Nxd4 Bd7 8. Nd2 Nf6 9. Nb5 Qe5 10. Nf3 Qb8 11. Be2 a6 12. Nbd4 e5 13. Nxc6 Bxc6 14. Qb3 Be7 15. Bc4 0-0 16. Ng5 Qe8 17. 0-0 h6 18. Bxf7+ Rxf7 19. Qxf7+ Qxf7 20. Nxf7 Kxf7 21. Rad1 Rd8 22. Rxd8 Bxd8 23. Rd1 Be7 24. c4 Ke6 25. Bb6 h5 26. f3 h4 27. Kf2 e4 28. Re1 Kf5 29. Bd4 Bd6 30. Bxf6 gxf6 31. fxe4+ Bxe4 32. g3 Bc5+ 33. Ke2 hxg3 34. hxg3 Kg4 35. Rf1 f5 36. a3 Kxg3 37. b4 Bd4 38. b5 f4 39. bxa6 bxa6 40. a4 f3+ 41. Rxf3+ Bxf3+ 42. Kd3 Bc5 43. Kc3 Bd1 44. a5 Kf4 45. Kd2 Ba4 46. Kc3 Ke5 0-1

[Event "Manavgat Turkey Cup"]
[Site "Manavgat"]
[Date "2016.02.02"]
[Round "6"]
[White "Akdagli, Gokhan"]
[Black "Isin, Recep"]
[Result "1-0"]
[WhiteElo "1804"]
[BlackElo "1653"]
[PlyCount "95"]
[EventDate "2016.01.30"]
[EventType "swiss"]
[EventRounds "11"]
[EventCountry "TUR"]
[SourceTitle "CBM 170 Extra"]
[Source "ChessBase"]
[SourceDate "2016.02.25"]
[SourceVersion "1"]
[SourceVersionDate "2016.02.25"]
[SourceQuality "1"]

1. e4 e5 2. Nf3 Nf6 3. Nxe5 d6 4. Nf3 Nxe4 5. d4 d5 6. Bd3 Bf5 7. 0-0 Bd6 8. c4 c6 9. Nc3 0-0 10. Qc2 Re8 11. Be3 Na6 12. a3 Rc8 13. c5 Bc7 14. b4 Nb8 15. Ne2 Qf6 16. Ng3 Nxg3 17. hxg3 Be4 18. Ng5 Qg6 19. Nxe4 dxe4 20. Bc4 Rcd8 21. Rad1 Qh5 22. Qb3 Nd7 23. d5 Nf6 24. d6 Bb8 25. f3 Rd7 26. Bd4 Nd5 27. Bxd5 cxd5 28. Bf2 Re5 29. g4 Qg5 30. f4 Qxf4 31. Bd4 Qg5 32. Bxe5 Qxe5 33. Qxd5 Qe8 34. Rde1 e3 35. Qf3 a6 36. Rxe3 Qf8 37. Rfe1 Rd8 38. Qe2 g6 39. Re8 Rxe8 40. Qxe8 f5 41. Qxf8+ Kxf8 42. d7 Bc7 43. Re8+ Kf7 44. d8Q Bxd8 45. Rxd8 fxg4 46. Rd7+ Kg8 47. Rxb7 h5 48. c6 1-0

[Event "Manavgat Turkey Cup"]
[Site "Manavgat"]
[Date "2016.01.31"]
[Round "3"]
[White "Goktas, Fahreddin"]
[Black "Akdagli, Gokhan"]
[Result "0-1"]
[WhiteElo "1641"]
[BlackElo "1804"]
[PlyCount "156"]
[EventDate "2016.01.30"]
[EventType "swiss"]
[EventRounds "11"]
[EventCountry "TUR"]
[SourceTitle "CBM 170 Extra"]
[Source "ChessBase"]
[SourceDate "2016.02.25"]
[SourceVersion "1"]
[SourceVersionDate "2016.02.25"]
[SourceQuality "1"]

1. Nf3 d5 2. d4 Nf6 3. g3 Bf5 4. c3 c6 5. a4 Nbd7 6. Qb3 Qb6 7. Qxb6 axb6 8. Nh4 Bxb1 9. Rxb1 Rxa4 10. Bg2 e6 11. 0-0 Bd6 12. f3 h6 13. Bh1 c5 14. e3 0-0 15. Ng2 Rfa8 16. Bd2 Ra2 17. Ne1 Ra1 18. Nd3 Rxb1 19. Rxb1 c4 20. Nf2 Ra2 21. e4 Be7 22. Kf1 b5 23. Ke1 Nb6 24. b3 cxb3 25. e5 Ne8 26. Rxb3 Nc4 27. Bc1 Ra1 28. Nd3 Nc7 29. Bg2 Ba3 30. Kd1 Bxc1 31. Nxc1 Ne3+ 32. Kd2 Nxg2 33. Nd3 Rh1 34. Ke2 Rxh2 35. Nf2 Nh4 36. gxh4 Rxh4 37. Nd3 g5 38. Kf2 Rh2+ 39. Kg3 Rh1 40. Nc5 b6 41. Nd7 Kg7 42. Nxb6 Kg6 43. Nc8 Rg1+ 44. Kh2 Rc1 45. Ne7+ Kh5 46. Kg3 Rg1+ 47. Kh2 Ra1 48. Kg3 g4 49. fxg4+ Kg5 50. Kf3 Rf1+ 51. Kg2 Rf4 52. Ng8 Rxg4+ 53. Kf3 h5 54. Nf6 Rf4+ 55. Kg2 h4 56. Ra3 b4 57. cxb4 Rxd4 58. Ra7 Rc4 59. Rb7 d4 60. Ne4+ Kg4 61. Nf2+ Kf5 62. Nd3 Ke4 63. Nc5+ Kxe5 64. Rxc7 Kd6 65. Rd7+ Kc6 66. Rxf7 Rxb4 67. Nxe6 d3 68. Rf1 Re4 69. Nd8+ Kd5 70. Kf3 Re8 71. Rd1 Kd4 72. Nc6+ Kc3 73. Nb4 d2 74. Nd5+ Kc2 75. Rxd2+ Kxd2 76. Nf4 Rc8 77. Kf2 Rf8 78. Kf3 h3 0-1